| Tag |
First Indicator |
Second Indicator |
Subfields |
| LEADER |
00000cam a2200000 4500 |
| 001 |
in00000058222 |
| 005 |
20151008051514.0 |
| 008 |
750512s1948 wau b 00000 eng |
| 010 |
|
|
|a a 48007938
|
| 035 |
|
|
|a (OCoLC)01327551
|
| 035 |
|
|
|9 AAG8334AM
|
| 040 |
|
|
|c ICU
|d TXA
|d UtOrBLW
|
| 049 |
|
|
|a TXAM
|c [175809]
|
| 050 |
0 |
0 |
|a HB119.G7
|b K5
|
| 082 |
0 |
|
|a 330.1
|
| 092 |
|
|
|a 330.1
|b K49e
|
| 100 |
1 |
|
|a Kimball, Janet,
|d 1914-
|
| 245 |
1 |
4 |
|a The economic doctrines of John Gray--1799-1883.
|
| 264 |
|
1 |
|a Washington :
|b Catholic Univ. of America Press,
|c 1948.
|
| 300 |
|
|
|a viii, 162 pages ;
|c 23 cm.
|
| 336 |
|
|
|a text
|b txt
|2 rdacontent
|
| 337 |
|
|
|a unmediated
|b n
|2 rdamedia
|
| 338 |
|
|
|a volume
|b nc
|2 rdacarrier
|
| 490 |
1 |
|
|a The Catholic University of America. Studies in economics, v. 21
|
| 502 |
|
|
|c Catholic Univ. of America.
|
| 504 |
|
|
|a Bibliography: pages 152-159.
|
| 600 |
1 |
0 |
|a Gray, John,
|d 1799-1883.
|
| 830 |
|
0 |
|a Studies in economics (Catholic University of America) ;
|v v. 21.
|
| 999 |
|
|
|a MARS
|
| 999 |
f |
f |
|s 68efe282-92e3-3a4f-a52b-3bba21e05333
|i e6f71138-248e-3c55-98d0-4838df775bbc
|t 0
|
| 952 |
f |
f |
|p ric
|a Texas A&M University
|b Rellis Campus
|c Joint Library Facility
|d Remote Storage
|t 0
|e HB119.G7 K5
|h Library of Congress classification
|i unmediated -- volume
|m A14800690454
|
| 998 |
f |
f |
|a HB119.G7 K5
|t 0
|l Remote Storage
|